Aminohappojen rakenteet ja nimet - Statistics

Yleistilastot
  • Tätä visaa on pelattu 652 kertaa
  • Keskiarvotulos 14 / 20
Vastaustilastot
Kuvavisa Vastaus % Oikein
Glysiini
86%
Tryptofaani
82%
Fenyylialaniini
80%
Leusiini
80%
Metioniini
78%
Alaniini
76%
Kysteiini
76%
Tyrosiini
76%
Proliini
75%
Valiini
74%
Isoleusiini
71%
Arginiini
70%
Glutamiinihappo
70%
Histidiini
66%
Glutamiini
65%
Seriini
65%
Asparagiini
64%
Asparagiinihappo
63%
Lysiini
62%
Treoniini
57%
Ehtoja vastaavia visoja ei löytynyt
Tulosjakauma
Jokaisen tuloksen saaneiden osuus
Persentiili vastausten määrän mukaan
Tuloshistoriasi
Et ole pelannut tätä visaa